[Event "IECC CL2-2008.08 email"]
[Site "IECC email"]
[Date "2008.07.18"]
[Round "?"]
[White "Stilman, Eduardo"]
[Black "Hendriks, Marrien"]
[Result "1/2-1/2"]
[WhiteElo "2154"]
[BlackElo "1716"]
[PlyCount "38"]
[EventDate "2008.??.??"]
[EventType "tourn (corr)"]
[EventRounds "4"]
[SourceTitle "Corr 2013"]
[Source "ChessBase"]
[SourceDate "2012.11.12"]
[SourceVersion "1"]
[SourceVersionDate "2012.11.12"]
[SourceQuality "1"]
[WhiteTeam "US of America"]
[BlackTeam "Poland"]
[WhiteTeamCountry "USA"]
[BlackTeamCountry "POL"]

1. e4 c5 2. Nf3 Nc6 3. Bb5 g6 4. Bxc6 dxc6 5. d3 Bg7 6. h3 Nf6 7. Nc3 0-0 8. Be3 b6 9. Qd2 e5 10. Bh6 Qc7 11. Bxg7 Kxg7 12. 0-0 Nh5 13. Ne2 Be6 14. Qc3 f6 15. a3 a5 16. b4 cxb4 17. axb4 axb4 18. Qxb4 c5 19. Qb2 h6 1/2-1/2

[Event "IECC CL2-2008.05 email"]
[Site "IECC email"]
[Date "2008.04.19"]
[Round "?"]
[White "Broyles, Jack"]
[Black "Hendriks, Marrien"]
[Result "1-0"]
[WhiteElo "2247"]
[BlackElo "1819"]
[PlyCount "37"]
[EventDate "2008.??.??"]
[EventType "tourn (corr)"]
[EventRounds "4"]
[SourceTitle "Corr 2013"]
[Source "ChessBase"]
[SourceDate "2012.11.12"]
[SourceVersion "1"]
[SourceVersionDate "2012.11.12"]
[SourceQuality "1"]
[WhiteTeam "England"]
[BlackTeam "US of America"]
[WhiteTeamCountry "ENG"]
[BlackTeamCountry "USA"]

1. e4 Nc6 2. d4 d5 3. exd5 Qxd5 4. Nf3 Bg4 5. Nc3 Qf5 6. d5 Nb4 7. Bb5+ Kd8 8. 0-0 Bxf3 9. gxf3 Nf6 10. a3 Nbxd5 11. Nxd5 Qxd5 12. Qe2 Kc8 13. Rd1 Qe6 14. Be3 c6 15. Bc4 Nd5 16. Bxd5 cxd5 17. c4 Qg6+ 18. Kh1 Qa6 19. Qd2 1-0

[Event "IECC CL3-2008.03 email"]
[Site "IECC email"]
[Date "2008.03.09"]
[Round "?"]
[White "Hendriks, Marrien"]
[Black "Lorenzo, Alfredo"]
[Result "1/2-1/2"]
[WhiteElo "1850"]
[BlackElo "1822"]
[PlyCount "48"]
[EventDate "2008.??.??"]
[EventType "tourn (corr)"]
[EventRounds "4"]
[SourceTitle "Corr 2013"]
[Source "ChessBase"]
[SourceDate "2012.11.12"]
[SourceVersion "1"]
[SourceVersionDate "2012.11.12"]
[SourceQuality "1"]
[WhiteTeam "Netherlands"]
[BlackTeam "US of America"]
[WhiteTeamCountry "NED"]
[BlackTeamCountry "USA"]

1. e4 d6 2. d4 Nf6 3. Nc3 g6 4. Bg5 Bg7 5. f4 h6 6. Bxf6 Bxf6 7. e5 Bg7 8. Nf3 0-0 9. Bc4 c6 10. 0-0 Bg4 11. Be2 Qb6 12. Qd2 Nd7 13. Na4 Qc7 14. Rad1 Rad8 15. Nh4 Bxe2 16. Qxe2 dxe5 17. fxe5 c5 18. c3 Qc6 19. b3 e6 20. Rc1 g5 21. Nf3 f6 22. exf6 Rxf6 23. dxc5 Nxc5 24. Nxc5 Qxc5+ 1/2-1/2

[Event "IECC CL3-2008.02 email"]
[Site "IECC email"]
[Date "2008.02.10"]
[Round "?"]
[White "Elliott, Thomas"]
[Black "Hendriks, Marrien"]
[Result "1-0"]
[WhiteElo "1997"]
[BlackElo "1883"]
[PlyCount "41"]
[EventDate "2008.??.??"]
[EventType "tourn (corr)"]
[EventRounds "4"]
[SourceTitle "Corr 2013"]
[Source "ChessBase"]
[SourceDate "2012.11.12"]
[SourceVersion "1"]
[SourceVersionDate "2012.11.12"]
[SourceQuality "1"]
[WhiteTeam "US of America"]
[BlackTeam "Netherlands"]
[WhiteTeamCountry "USA"]
[BlackTeamCountry "NED"]

1. e4 e5 2. Nf3 Nc6 3. Bb5 Nf6 4. 0-0 Bc5 5. c3 Nxe4 6. d4 d5 7. Nxe5 Qf6 8. Nxc6 bxc6 9. dxc5 0-0 10. Be2 Re8 11. Be3 Rb8 12. b3 Qg6 13. Bh5 Qf5 14. Qf3 Qe6 15. Qf4 Ba6 16. Rd1 Qe7 17. b4 g6 18. Bf3 f5 19. Qh6 Bb5 20. h4 Qf7 21. Bd4 1-0

[Event "IECC CL3-2008.01 email"]
[Site "IECC email"]
[Date "2008.01.28"]
[Round "?"]
[White "Hendriks, Marrien"]
[Black "Baumann, Dariusz"]
[Result "0-1"]
[WhiteElo "1726"]
[BlackElo "2118"]
[PlyCount "108"]
[EventDate "2008.??.??"]
[EventType "tourn (corr)"]
[EventRounds "4"]
[SourceTitle "Corr 2013"]
[Source "ChessBase"]
[SourceDate "2012.11.12"]
[SourceVersion "1"]
[SourceVersionDate "2012.11.12"]
[SourceQuality "1"]
[WhiteTeam "Bulgaria"]
[BlackTeam "Poland"]
[WhiteTeamCountry "BUL"]
[BlackTeamCountry "POL"]

1. e4 e6 2. Nf3 d5 3. e5 c5 4. d4 Nc6 5. Bb5 Bd7 6. Bxc6 Bxc6 7. 0-0 Nh6 8. Bg5 Qb6 9. b3 Nf5 10. c3 a5 11. g4 Nh6 12. h3 a4 13. dxc5 Bxc5 14. b4 Bf8 15. Na3 Ng8 16. Be3 Qc7 17. Qd3 Ne7 18. b5 Bd7 19. c4 Ng6 20. cxd5 Nxe5 21. Nxe5 Qxe5 22. Rad1 Rc8 23. dxe6 Bxe6 24. Nc4 Qc7 25. Nb6 Rd8 26. Qe4 Be7 27. Rxd8+ Qxd8 28. Qxb7 h5 29. Qc6+ Kf8 30. Rc1 hxg4 31. hxg4 Kg8 32. Qc7 Bxg4 33. f3 Bxf3 34. Qxd8+ Bxd8 35. Rc8 Kh7 36. Nxa4 f5 37. Nc5 Bd5 38. Nd3 Bxa2 39. b6 Bd5 40. Nf4 Bb7 41. Rb8 Re8 42. Rxb7 Rxe3 43. Kf2 Rb3 44. Nd5 Kg6 45. Kg2 Bf6 46. Kf2 Kg5 47. Rf7 Be5 48. b7 g6 49. Rd7 f4 50. Ne7 Kf6 51. Nc6 g5 52. Re7 Bd6 53. Rh7 g4 54. Rh6+ Kg5 0-1

[Event "IECC CL3-2007.10 email"]
[Site "IECC email"]
[Date "2007.09.13"]
[Round "?"]
[White "Hendriks, Marrien"]
[Black "Taner, Harun"]
[Result "1/2-1/2"]
[WhiteElo "1805"]
[BlackElo "1954"]
[PlyCount "38"]
[EventDate "2007.??.??"]
[EventType "tourn (corr)"]
[EventRounds "4"]
[SourceTitle "Corr 2011"]
[Source "ChessBase"]
[SourceDate "2010.08.31"]
[SourceVersion "1"]
[SourceVersionDate "2010.08.31"]
[SourceQuality "1"]
[WhiteTeam "Italy"]
[BlackTeam "Chile"]
[WhiteTeamCountry "ITA"]
[BlackTeamCountry "CHI"]

1. e4 c5 2. Nf3 d6 3. Bb5+ Bd7 4. Bxd7+ Qxd7 5. 0-0 Nf6 6. e5 dxe5 7. Nxe5 Qd6 8. Nc4 Qd8 9. d3 Nc6 10. Nc3 e6 11. Qf3 Be7 12. Bg5 0-0 13. Rac1 Nd5 14. Bxe7 Ncxe7 15. Rfe1 Nxc3 16. bxc3 Nd5 17. Rb1 b6 18. Rb3 Qg5 19. Qg3 Qxg3 1/2-1/2

[Event "IECC Swiss-528.1"]
[Site "IECC email"]
[Date "2007.08.20"]
[Round "?"]
[White "Hendriks, Marrien"]
[Black "Quinlan, John"]
[Result "1-0"]
[WhiteElo "1864"]
[BlackElo "1433"]
[PlyCount "45"]
[EventDate "2007.??.??"]
[EventType "swiss (corr)"]
[EventRounds "1"]
[SourceTitle "Corr 2011"]
[Source "ChessBase"]
[SourceDate "2010.08.31"]
[SourceVersion "1"]
[SourceVersionDate "2010.08.31"]
[SourceQuality "1"]
[WhiteTeam "Italy"]
[BlackTeam "Argentina"]
[WhiteTeamCountry "ITA"]
[BlackTeamCountry "ARG"]

1. Nc3 e5 2. e4 Nf6 3. Nf3 Nc6 4. Bb5 Bb4 5. 0-0 Bxc3 6. dxc3 d6 7. Qd3 Be6 8. Bxc6+ bxc6 9. Ng5 0-0 10. f4 h6 11. Nxe6 fxe6 12. fxe5 dxe5 13. Be3 Rb8 14. b4 Rb7 15. Qa6 Ng4 16. Rxf8+ Kxf8 17. Bc5+ Kg8 18. Qxb7 Qh4 19. h3 Nf6 20. Qxc6 Nxe4 21. Bxa7 Ng5 22. Qxc7 Qg3 23. Qd8+ 1-0

[Event "IECC CL4-2007.09 email"]
[Site "IECC email"]
[Date "2007.08.16"]
[Round "?"]
[White "Hendriks, Marrien"]
[Black "Von Rosenberg, Clemens"]
[Result "1-0"]
[WhiteElo "1766"]
[BlackElo "1814"]
[PlyCount "25"]
[EventDate "2007.??.??"]
[EventType "tourn (corr)"]
[EventRounds "4"]
[SourceTitle "Corr 2015"]
[Source "ChessBase"]
[SourceDate "2015.07.17"]
[SourceVersion "1"]
[SourceVersionDate "2015.07.17"]
[SourceQuality "1"]
[WhiteTeam "Netherlands"]
[BlackTeam "Germany"]
[WhiteTeamCountry "NED"]
[BlackTeamCountry "GER"]

1. e4 g6 2. Nc3 Bg7 3. Nf3 c5 4. d4 Nc6 5. d5 Ne5 6. d6 Nxf3+ 7. Qxf3 exd6 8. Nb5 Qb6 9. Bf4 Bxb2 10. Nxd6+ Ke7 11. e5 h6 12. Nc4 Qb4+ 13. Bd2 1-0

[Event "IECC Swiss-514.3"]
[Site "IECC email"]
[Date "2007.08.07"]
[Round "?"]
[White "Hendriks, Marrien"]
[Black "Bladyko, Pawel"]
[Result "1-0"]
[WhiteElo "1672"]
[BlackElo "1632"]
[PlyCount "79"]
[EventDate "2007.??.??"]
[EventType "swiss (corr)"]
[EventRounds "1"]
[SourceTitle "Corr 2011"]
[Source "ChessBase"]
[SourceDate "2010.08.31"]
[SourceVersion "1"]
[SourceVersionDate "2010.08.31"]
[SourceQuality "1"]
[WhiteTeam "Netherlands"]
[BlackTeam "Poland"]
[WhiteTeamCountry "NED"]
[BlackTeamCountry "POL"]

1. Nc3 e5 2. d4 exd4 3. Qxd4 Nc6 4. Qe3+ Nge7 5. Nd5 d6 6. Nf3 Be6 7. Nf4 Bf5 8. Bd2 Bxc2 9. Rc1 Bf5 10. g3 d5 11. Bg2 Be4 12. Qb3 Rb8 13. 0-0 Ng6 14. Nh5 Rg8 15. Rfd1 Bd6 16. Bh3 h6 17. Be3 Nge7 18. Nd4 Na5 19. Qc3 Nc4 20. Bxh6 gxh6 21. Nf6+ Kf8 22. Nxe4 dxe4 23. Qxc4 Nc6 24. Nf5 Qf6 25. Qxe4 Re8 26. Qc2 Re5 27. e4 Rb5 28. Rb1 a6 29. Bf1 Rc5 30. Qb3 b5 31. Rd2 Rxf5 32. exf5 Rg5 33. Bg2 Nd4 34. Qd5 Nxf5 35. Rbd1 Be7 36. Qb7 c5 37. Rd7 Kg7 38. h4 Rg6 39. Be4 Bf8 40. h5 1-0

[Event "IECC Swiss-520.2"]
[Site "IECC email"]
[Date "2007.07.30"]
[Round "?"]
[White "Smith, Stephen"]
[Black "Hendriks, Marrien"]
[Result "0-1"]
[WhiteElo "1299"]
[BlackElo "1871"]
[PlyCount "84"]
[EventDate "2007.??.??"]
[EventType "swiss (corr)"]
[EventRounds "1"]
[SourceTitle "Corr 2020"]
[Source "ChessBase"]
[SourceDate "2019.09.30"]
[SourceVersion "1"]
[SourceVersionDate "2019.09.30"]
[SourceQuality "1"]
[WhiteTeam "England"]
[BlackTeam "Netherlands"]
[WhiteTeamCountry "ENG"]
[BlackTeamCountry "NED"]

1. f4 e5 2. fxe5 d6 3. exd6 Qxd6 4. Nf3 Nc6 5. e3 Be6 6. Nc3 0-0-0 7. Bb5 Nf6 8. 0-0 a6 9. Bxc6 Qxc6 10. Nd4 Qb6 11. Nxe6 Qxe6 12. a3 h5 13. Qf3 Kb8 14. h3 Rh6 15. Ne2 Bd6 16. Qf5 Qe8 17. b4 Ne4 18. d3 Be5 19. Rb1 Nd6 20. Qf3 Rf6 21. Qxh5 Bh2+ 22. Kxh2 Rxf1 23. Nd4 Nb5 24. Nxb5 Qxb5 25. Qxb5 axb5 26. Ra1 Rf2 27. Ra2 Rd6 28. Kg1 Rdf6 29. Bb2 Rf1+ 30. Kh2 Rg6 31. Be5 Rf2 32. Bg3 Re2 33. e4 Rc6 34. Be5 g6 35. Kg3 Rcxc2 36. Rxc2 Rxc2 37. d4 Kc8 38. Bf6 Ra2 39. Bg5 Rxa3+ 40. Kg4 Rb3 41. Be7 Kd7 42. Bf8 Ke8 0-1

[Event "IECC CL4-2007.06 email"]
[Site "IECC email"]
[Date "2007.06.15"]
[Round "?"]
[White "Hendriks, Marrien"]
[Black "Ferri, Roberto"]
[Result "1-0"]
[WhiteElo "1727"]
[BlackElo "1616"]
[PlyCount "33"]
[EventDate "2007.??.??"]
[EventType "tourn (corr)"]
[EventRounds "4"]
[SourceTitle "Corr 2011"]
[Source "ChessBase"]
[SourceDate "2010.08.31"]
[SourceVersion "1"]
[SourceVersionDate "2010.08.31"]
[SourceQuality "1"]
[WhiteTeam "Italy"]
[BlackTeam "Chile"]
[WhiteTeamCountry "ITA"]
[BlackTeamCountry "CHI"]

1. e4 c6 2. Nc3 d5 3. d4 dxe4 4. Nxe4 Bf5 5. Ng3 Bg6 6. Bd3 Qxd4 7. Nf3 Qd8 8. 0-0 Nd7 9. Qe2 e6 10. Bf4 Qb6 11. a4 Ngf6 12. a5 Qb4 13. Bc4 Qxb2 14. a6 b5 15. Bxe6 fxe6 16. Qxe6+ Be7 17. Rfe1 1-0

[Event "IECC CL4-2007.04 email"]
[Site "IECC email"]
[Date "2007.03.30"]
[Round "?"]
[White "Bottoni, Carlo"]
[Black "Hendriks, Marrien"]
[Result "1/2-1/2"]
[WhiteElo "1747"]
[BlackElo "1704"]
[PlyCount "79"]
[EventDate "2007.??.??"]
[EventType "tourn (corr)"]
[EventRounds "4"]
[SourceTitle "Corr 2011"]
[Source "ChessBase"]
[SourceDate "2010.08.31"]
[SourceVersion "1"]
[SourceVersionDate "2010.08.31"]
[SourceQuality "1"]
[WhiteTeam "Italy"]
[BlackTeam "Chile"]
[WhiteTeamCountry "ITA"]
[BlackTeamCountry "CHI"]

1. e4 e5 2. Nf3 Nc6 3. Bb5 Nf6 4. 0-0 Bc5 5. c3 0-0 6. d4 Bb6 7. Bg5 h6 8. Bh4 exd4 9. Qc1 d6 10. Bxc6 bxc6 11. cxd4 g5 12. Nxg5 Nxe4 13. Nf3 Qd7 14. Re1 f5 15. Nbd2 Re8 16. a4 a5 17. Qc2 Qf7 18. Qxc6 Rb8 19. Qc2 Bb7 20. Nc4 Bd5 21. Ne3 Be6 22. Qd3 Ba7 23. d5 Bd7 24. Nc4 Rb4 25. Rac1 Bxa4 26. Nfd2 Qh5 27. Bg3 Qg5 28. Nf3 Qg7 29. Nfd2 Qd4 30. Qxd4 Bxd4 31. Nxe4 Rxe4 32. Rxe4 fxe4 33. Nxa5 Rxb2 34. Nc4 Re2 35. Kf1 Ra2 36. Ne3 Bb5+ 37. Kg1 Bb2 38. Rd1 Be2 39. Re1 Bd4 40. h3 1/2-1/2

[Event "IECC CL4-2007.03 email"]
[Site "IECC email"]
[Date "2007.03.26"]
[Round "?"]
[White "Bertel, Michael"]
[Black "Hendriks, Marrien"]
[Result "1/2-1/2"]
[WhiteElo "1804"]
[BlackElo "1692"]
[PlyCount "76"]
[EventDate "2007.??.??"]
[EventType "tourn (corr)"]
[EventRounds "4"]
[SourceTitle "Corr 2011"]
[Source "ChessBase"]
[SourceDate "2010.08.31"]
[SourceVersion "1"]
[SourceVersionDate "2010.08.31"]
[SourceQuality "1"]
[WhiteTeam "Italy"]
[BlackTeam "Chile"]
[WhiteTeamCountry "ITA"]
[BlackTeamCountry "CHI"]

1. e4 e5 2. Nf3 Nc6 3. Nc3 Nf6 4. d4 exd4 5. Nxd4 Bb4 6. Nxc6 bxc6 7. Bd3 0-0 8. Qf3 d6 9. Bg5 h6 10. Bxf6 Qxf6 11. Qxf6 gxf6 12. 0-0 a5 13. Ne2 Bc5 14. c3 Kg7 15. Nd4 Bd7 16. Rfe1 Rfb8 17. Rab1 Bxd4 18. cxd4 Rb4 19. d5 cxd5 20. exd5 Rd4 21. Bc2 Rb8 22. Re7 Rd2 23. Bb3 Bf5 24. Rc1 a4 25. Bxa4 Rbxb2 26. Bd1 Rxa2 27. Bf3 Rdc2 28. Rf1 Bd3 29. Rfe1 Bb5 30. Rb1 c5 31. dxc6 Bxc6 32. Bxc6 Rxc6 33. Re3 Rcc2 34. Rg3+ Kf8 35. Rf3 Rab2 36. Re1 Kg7 37. h3 d5 38. Re8 Rc1+ 1/2-1/2

[Event "IECC CL4-2006.14 email"]
[Site "IECC email"]
[Date "2007.01.23"]
[Round "?"]
[White "Rodrigues, Paulo Odonel"]
[Black "Hendriks, Marrien"]
[Result "1-0"]
[WhiteElo "1700"]
[BlackElo "1749"]
[PlyCount "99"]
[EventDate "2007.??.??"]
[EventType "tourn (corr)"]
[EventRounds "4"]
[SourceTitle "Corr 2011"]
[Source "ChessBase"]
[SourceDate "2010.08.31"]
[SourceVersion "1"]
[SourceVersionDate "2010.08.31"]
[SourceQuality "1"]
[WhiteTeam "Italy"]
[BlackTeam "Chile"]
[WhiteTeamCountry "ITA"]
[BlackTeamCountry "CHI"]

1. e4 c5 2. Nf3 d6 3. d4 cxd4 4. Nxd4 Nf6 5. Nc3 g6 6. Be2 Bg7 7. 0-0 Nc6 8. Be3 0-0 9. f4 Bd7 10. Qd3 Ng4 11. Bxg4 Bxg4 12. f5 Ne5 13. Qb5 Rc8 14. h3 Nc4 15. Bf2 e5 16. Nb3 Bh5 17. Nd5 gxf5 18. exf5 f6 19. Qxb7 Rf7 20. Qa6 Rd7 21. Rab1 Qe8 22. Bh4 Bf7 23. Nxf6+ Bxf6 24. Bxf6 Bd5 25. Na5 Nd2 26. Rfd1 Nxb1 27. Rxd5 Rxc2 28. Qd3 Rcc7 29. Qg3+ Kf8 30. Rd1 Qf7 31. Bg5 Rc2 32. Bh6+ Ke8 33. Qd3 Rc8 34. Qxb1 Qh5 35. Be3 Qe2 36. Re1 Qc2 37. Nb3 Qxb1 38. Rxb1 Rc2 39. Nd2 Rb7 40. Ne4 Rb4 41. Nf6+ Kf7 42. Nxh7 Rbxb2 43. Rxb2 Rxb2 44. Ng5+ Ke7 45. Ne4 Kd7 46. Bh6 d5 47. Nf6+ Ke7 48. Nxd5+ Kd6 49. Nc3 Rc2 50. Ne4+ 1-0